Sehenswürdigkeiten zu Land - Klick Quiz - Statistiken

Allgemein
  • Dieses Quiz wurde 111 mal gespielt
  • Das Durchschnittsergebnis liegt bei 17 aus 23
Antwortstatistiken
Hint Antwort % Korrekt
Louvre Frankreich
99%
Cheops Pyramide Ägypten
98%
Akropolis Griechenland
95%
Fuji Japan
94%
Taj Mahal Indien
93%
Roter Platz Russland
89%
Mount Rushmore Vereinigte Staaten
89%
Machu Picchu Peru
88%
Manneken Pis Belgien
83%
Cristo Redentor Brasilien
81%
Casa di Giulietta Italien
79%
Kaaba Saudi-Arabien
79%
Mausoleum Qin Shihuangdis China
74%
Chichen Itza Mexiko
72%
Okavango Delta Botswana
70%
Vasco da Gama Brücke Portugal
63%
CN Tower Kanada
61%
St. Veits Dom Tschechien
60%
Salto Ángel Venezuela
60%
Las Ventas Spanien
53%
Gardens by the Bay Singapur
52%
Changdeokung Südkorea
40%
Mansudae Grand Monument Nordkorea
33%
Keine übereinstimmenden Quizze gefunden
Verteilung der Resultate
Anzahl Personen mit jedem Resultat
Perzentil nach korrekt beantworteten Fragen
Ihre Resultats-Entwicklung
Sie haben dieses Quiz noch nicht gespielt